00587nam a2200205Ia 4500003000400000005001700004008004100021020001900062040000700081041000800088082001300096100003100109245003100140260002000171300000800191650002000199942001300219999001900232952013000251OSt20251110113924.0250729s2003 xx 000 0 und d a978-8184303667 cAL aeng a921 CAMK aKrishnamurthy Babu9224079 aCama Madam Bhikaiji Rustum aBangalorec2003 a48p aHistory9224080 2ddccBED c236233d236233 00104070aALbALd2025-07-29eSchool Book Companyg20.00l0o921 CAMKpBED01552r2025-07-29 16:54:40v20.00w2025-07-29yBK